La cosmogonia di Brghu [MBh XII 182 - 189 / B. 6764 - 6950 (C)] (Registro nro. 120590)

Detalles MARC
000 -LEADER
campo de control de longitud fija 00536nam a2200157 i 4500
001 - NÚMERO DE CONTROL
campo de control 120590
003 - IDENTIFICADOR DE NÚMERO DE CONTROL
campo de control ES-MaACL
005 - FECHA Y HORA DE LA ÚLTIMA TRANSACCIÓN
campo de control 20230906191601.0
007 - CAMPO FIJO DE DESCRIPCIÓN FÍSICA--INFORMACIÓN GENERAL
campo de control de longitud fija t|
008 - DATOS DE LONGITUD FIJA--INFORMACIÓN GENERAL
campo de control de longitud fija 070214s1910 it r ||||1| ita d
100 1# - ENTRADA PRINCIPAL--NOMBRE DE PERSONA
Nombre de persona Pizzagalli, Angelo Maria.
9 (RLIN) 92459
245 13 - MENCIÓN DEL TÍTULO
Título La cosmogonia di Brghu [MBh XII 182 - 189 / B. 6764 - 6950 (C)]
Resto del título : saggio sulle relazioni del mito cosmogonico coll'epica nell'India /
Mención de responsabilidad, etc. Angelo Maria Pizzagalli.
260 ## - PUBLICACIÓN, DISTRIBUCIÓN, ETC.
Lugar de publicación, distribución, etc. Milano :
Nombre del editor, distribuidor, etc. Ulrico Hoepli,
Fecha de publicación, distribución, etc. 1910.
300 ## - DESCRIPCIÓN FÍSICA
Extensión 1 v. ;
Dimensiones .
852 ## - LOCALIZACIÓN
Ubicación ES-MaACL
Número de control de estantería T-1260-F-8
Existencias
Estatus retirado Estado de pérdida Estado de daño No para préstamo Colección Biblioteca de origen Biblioteca actual Ubicación en estantería Fecha de adquisición Fuente de adquisición Total de préstamos Signatura topográfica completa Código de barras Visto por última vez Precio de reemplazo Tipo de ítem Koha
        Colección de folletos Biblioteca del Ateneo de Madrid Biblioteca del Ateneo de Madrid Depósito folletos 17/01/2008     T-1260-F-8 1125695 23/02/2023 23/02/2023 Folleto